| 000 | 01259nam a2200349 a 4500 | ||
|---|---|---|---|
| 001 | 000027154 | ||
| 003 | DO-SdBNP | ||
| 005 | 20240520135929.0 | ||
| 007 | ta | ||
| 008 | 110330s2009 dr ac 000 0 spa d | ||
| 020 | _a 9789945850574 | ||
| 040 |
_aDO-SdBNP _bspa _cBPMSU |
||
| 082 | 4 |
_a923.27293 _bD812A 2009 _222 |
|
| 100 | 1 | _aAyala Lafée, Cecilia | |
| 245 | 1 | 3 |
_aLa familia de Juan Pablo Duarte en la Caracas de 1845-1890 / _cCecilia Ayala Lafée, Werner Wilbert, Ariany Calles. |
| 260 |
_aSanto Domingo : _bInstituto Duartiano, _c2009. |
||
| 300 |
_a178 p. : _bils.,retrs. ; _c22 cm. |
||
| 490 | 0 |
_aDocumental, _v2 |
|
| 500 | _aIncluye datos biográficos de los autores en la contracubierta | ||
| 500 | _aIncluye referencias bibliográficas y notas al pie de las páginas | ||
| 504 | _aBibliografía : p. 175-178 | ||
| 590 | _aInventariado, 2024/VM | ||
| 600 | 1 | 4 |
_aDuarte Díez, Juan Pablo, _d1813-1876 |
| 600 | 1 | 4 | _aDuarte y Diez (Familia) |
| 651 | 1 | 4 |
_aVenezuela _vHistoria _y1848-1890 |
| 700 | 1 |
_aCalles, Ariany _eautor |
|
| 700 | 1 |
_aWilbert, Werner _eautor |
|
| 710 | _aInstituto Duartiano de Venezuela | ||
| 710 | 2 | _a Instituto Duartiano (República Dominicana) | |
| 910 | _aVMateo V. Control de calidad. BPMSU | ||
| 942 |
_2ddc _cBK |
||
| 999 |
_c14646 _d14646 |
||